<?xml version="1.0" encoding="UTF-8"?>
<record
    xmlns:xsi="http://www.w3.org/2001/XMLSchema-instance"
    xsi:schemaLocation="http://www.loc.gov/MARC21/slim http://www.loc.gov/standards/marcxml/schema/MARC21slim.xsd"
    xmlns="http://www.loc.gov/MARC21/slim">

  <leader>01682nam a22003017a 4500</leader>
  <controlfield tag="003">DO-SdBNP</controlfield>
  <controlfield tag="005">20210513124139.0</controlfield>
  <controlfield tag="008">210309b  2004 dr | 00| 0 spa d</controlfield>
  <datafield tag="020" ind1=" " ind2=" ">
    <subfield code="a">9993439274</subfield>
  </datafield>
  <datafield tag="040" ind1=" " ind2=" ">
    <subfield code="a">BPMSU</subfield>
    <subfield code="b">spa</subfield>
    <subfield code="c">BPMSU</subfield>
  </datafield>
  <datafield tag="082" ind1=" " ind2=" ">
    <subfield code="a">RD862.08 </subfield>
    <subfield code="b">Q1a 2004</subfield>
    <subfield code="2">22</subfield>
  </datafield>
  <datafield tag="245" ind1="0" ind2="0">
    <subfield code="a">Antolog&#xED;a del teatro dominicano contempor&#xE1;neo /</subfield>
    <subfield code="c">compilador L. Howard Quackenbush ; cuidado de la edici&#xF3;n Tom&#xE1;s Castro Burdiez</subfield>
  </datafield>
  <datafield tag="260" ind1=" " ind2=" ">
    <subfield code="a">Santo Domingo :</subfield>
    <subfield code="b">Librer&#xED;a la Trinitaria, </subfield>
    <subfield code="c">2004</subfield>
  </datafield>
  <datafield tag="300" ind1=" " ind2=" ">
    <subfield code="a">2 v. ;</subfield>
    <subfield code="c"> 24 cm. </subfield>
  </datafield>
  <datafield tag="440" ind1=" " ind2=" ">
    <subfield code="v"> </subfield>
  </datafield>
  <datafield tag="500" ind1=" " ind2=" ">
    <subfield code="a">Incluye datos biogr&#xE1;ficos del compilador en la solapa de la cubierta </subfield>
  </datafield>
  <datafield tag="500" ind1=" " ind2=" ">
    <subfield code="a"> Bibliograf&#xED;a : p. 309-310</subfield>
  </datafield>
  <datafield tag="500" ind1=" " ind2=" ">
    <subfield code="a"> </subfield>
  </datafield>
  <datafield tag="505" ind1="0" ind2=" ">
    <subfield code="a">V. 1 : Introducci&#xF3;n al teatro dominicano contempor&#xE1;neo  -- &#xA1;H&#xE1;gase la mujer! / Juan Carlos Campos -- Los lectores del &#xE1;tico de Efra&#xED;m  / A. Castillo Arredondo -- Un comercial para M&#xE1;ximo G&#xF3;mez de  / Reynaldo Disla -- Bianto y su se&#xF1;or de /  Haffe Serulle  -- La danza de Ming&#xF3; de  / Haffe Serulle -- F&#xE1;bula de los cinco caminantes de / Iv&#xE1;n Garc&#xED;a Guerra -- Andr&#xF3;maca de / Iv&#xE1;n Garc&#xED;a Guerra -- Bibliograf&#xED;a. 
V. 2 : Bolo Francisco de Reynaldo Disla  -- La &#xFA;ltima cita de / Rafael Garc&#xED;a H. -- El rey Clinejas de / Manuel Rueda Gonz&#xE1;lez -- El &#xFA;ltimo instante de / Franklin Dom&#xED;nguez Hern&#xE1;ndez -- Pir&#xE1;mide 179 de / M&#xE1;ximo Avil&#xE9;s Blonda. Bibliograf&#xED;a.</subfield>
  </datafield>
  <datafield tag="590" ind1=" " ind2=" ">
    <subfield code="6">Inventariado, 2021/VM</subfield>
  </datafield>
  <datafield tag="650" ind1=" " ind2="4">
    <subfield code="a">Teatro dominicano </subfield>
    <subfield code="x">Historia y cr&#xED;tica.</subfield>
    <subfield code="z"> </subfield>
  </datafield>
  <datafield tag="650" ind1=" " ind2="4">
    <subfield code="a">Drama domincano </subfield>
    <subfield code="x">Historia y cr&#xED;tica</subfield>
  </datafield>
  <datafield tag="700" ind1=" " ind2=" ">
    <subfield code="a">Quackenbush, Louis Howard, </subfield>
    <subfield code="d">1939-</subfield>
    <subfield code="e">comp. </subfield>
  </datafield>
  <datafield tag="700" ind1=" " ind2=" ">
    <subfield code="a">Castro Burdiez, Tom&#xE1;s </subfield>
    <subfield code="e">ed. </subfield>
  </datafield>
  <datafield tag="830" ind1=" " ind2=" ">
    <subfield code="v">Tomo I</subfield>
  </datafield>
  <datafield tag="910" ind1=" " ind2=" ">
    <subfield code="a">VMateo</subfield>
  </datafield>
  <datafield tag="942" ind1=" " ind2=" ">
    <subfield code="2">ddc</subfield>
    <subfield code="c">BK</subfield>
  </datafield>
  <datafield tag="952" ind1=" " ind2=" ">
    <subfield code="0">0</subfield>
    <subfield code="1">0</subfield>
    <subfield code="2">ddc</subfield>
    <subfield code="4">0</subfield>
    <subfield code="7">0</subfield>
    <subfield code="8">CD</subfield>
    <subfield code="a">BPMET</subfield>
    <subfield code="b">BPMET</subfield>
    <subfield code="d">2021-03-16</subfield>
    <subfield code="e">Compra</subfield>
    <subfield code="o">BPMSU CD RD862.08  A634r 2004</subfield>
    <subfield code="p">BPMSU21030037</subfield>
    <subfield code="r">2021-03-16</subfield>
    <subfield code="t">v.1</subfield>
    <subfield code="w">2021-03-16</subfield>
    <subfield code="y">BK</subfield>
  </datafield>
  <datafield tag="952" ind1=" " ind2=" ">
    <subfield code="0">0</subfield>
    <subfield code="1">0</subfield>
    <subfield code="2">ddc</subfield>
    <subfield code="4">0</subfield>
    <subfield code="7">0</subfield>
    <subfield code="8">CD</subfield>
    <subfield code="a">BPMET</subfield>
    <subfield code="b">BPMET</subfield>
    <subfield code="d">2021-03-16</subfield>
    <subfield code="e">Compra</subfield>
    <subfield code="o">BPMSU CD RD862.08 A634t 2004</subfield>
    <subfield code="p">BPMSU21030039</subfield>
    <subfield code="r">2021-03-16</subfield>
    <subfield code="t">v.1, e.2</subfield>
    <subfield code="w">2021-03-16</subfield>
    <subfield code="y">BK</subfield>
  </datafield>
  <datafield tag="952" ind1=" " ind2=" ">
    <subfield code="0">0</subfield>
    <subfield code="1">0</subfield>
    <subfield code="2">ddc</subfield>
    <subfield code="4">0</subfield>
    <subfield code="7">0</subfield>
    <subfield code="8">CD</subfield>
    <subfield code="a">BPMET</subfield>
    <subfield code="b">BPMET</subfield>
    <subfield code="d">2021-03-16</subfield>
    <subfield code="e">Compra</subfield>
    <subfield code="o">BPMSU CD RD862.08 A634t 2004</subfield>
    <subfield code="p">BPMSU21030040</subfield>
    <subfield code="r">2021-03-16</subfield>
    <subfield code="t">v.1, e.3</subfield>
    <subfield code="w">2021-03-16</subfield>
    <subfield code="y">BK</subfield>
  </datafield>
  <datafield tag="952" ind1=" " ind2=" ">
    <subfield code="0">0</subfield>
    <subfield code="1">0</subfield>
    <subfield code="2">ddc</subfield>
    <subfield code="4">0</subfield>
    <subfield code="7">0</subfield>
    <subfield code="8">CD</subfield>
    <subfield code="a">BPMET</subfield>
    <subfield code="b">BPMET</subfield>
    <subfield code="d">2021-03-16</subfield>
    <subfield code="e">Compra</subfield>
    <subfield code="o">BPMSU CD RD862.08 A634t 2004</subfield>
    <subfield code="p">BPMSU21050071</subfield>
    <subfield code="r">2021-05-13</subfield>
    <subfield code="t">v.2, e.3</subfield>
    <subfield code="w">2021-03-16</subfield>
    <subfield code="y">BK</subfield>
  </datafield>
  <datafield tag="952" ind1=" " ind2=" ">
    <subfield code="0">0</subfield>
    <subfield code="1">0</subfield>
    <subfield code="2">ddc</subfield>
    <subfield code="4">0</subfield>
    <subfield code="7">0</subfield>
    <subfield code="8">CD</subfield>
    <subfield code="a">BPMET</subfield>
    <subfield code="b">BPMET</subfield>
    <subfield code="d">2021-03-16</subfield>
    <subfield code="e">Compra</subfield>
    <subfield code="o">BPMSU CD RD862.08 A634t 2004</subfield>
    <subfield code="p">BPMSU21050072</subfield>
    <subfield code="r">2021-05-13</subfield>
    <subfield code="t">v.2, e.2</subfield>
    <subfield code="w">2021-03-16</subfield>
    <subfield code="y">BK</subfield>
  </datafield>
  <datafield tag="952" ind1=" " ind2=" ">
    <subfield code="0">0</subfield>
    <subfield code="1">0</subfield>
    <subfield code="2">ddc</subfield>
    <subfield code="4">0</subfield>
    <subfield code="7">0</subfield>
    <subfield code="8">CD</subfield>
    <subfield code="a">BPMET</subfield>
    <subfield code="b">BPMET</subfield>
    <subfield code="d">2021-03-16</subfield>
    <subfield code="e">Compra</subfield>
    <subfield code="o">BPMSU CD RD862.08 A634t 2004</subfield>
    <subfield code="p">BPMSU21050073</subfield>
    <subfield code="r">2021-05-13</subfield>
    <subfield code="t">v.2</subfield>
    <subfield code="w">2021-03-16</subfield>
    <subfield code="y">BK</subfield>
  </datafield>
  <datafield tag="999" ind1=" " ind2=" ">
    <subfield code="c">13390</subfield>
    <subfield code="d">13390</subfield>
  </datafield>
</record>
